Deadliest Earthquakes - Statistics

General Stats
  • This quiz has been taken 22 times
  • The average score is 2 of 10
Answer Stats
Date Fatalities Earthquake % Correct
12th January 2010 46,000–316,000 Haiti
89%
26th December 2004 227,898 Indian Ocean
47%
23rd January 1556 820,000–830,000 Shaanxi
32%
28th July 1976 242,769–700,000+ Tangshan
32%
11th October 1138 130,000–230,000 Aleppo
11%
21st May 526 250,000 Antioch
5%
16th December 1920 273,400 Haiyuan
5%
25th July 1303 200,000 Hongdong
5%
22nd March 893 150,000 Ardabil
0%
22nd December 856 200,000 Damghan
0%
No matching quizzes found
Score Distribution
Percent of People with Each Score
Percentile by Number Answered
Your Score History
You have not taken this quiz